书目信息 |
| 题名: |
硅
|
|
| 作者: | 郭维廉 编 | |
| 分册: | ||
| 出版信息: | 北京 国防工业出版社 1982 |
|
| 页数: | 195页 | |
| 开本: | 25cm | |
| 丛书名: | ||
| 单 册: | ||
| 中图分类: | O472 | |
| 科图分类: | ||
| 主题词: | 界面-二氧化硅-物理 , 物理-界面-二氧化硅 , 二氧化硅-界面-物理 , 表面物理学-半导体表面 , 半导体表面-表面物理学 | |
| 电子资源: | ||
| ISBN: | ||
| 000 | 00720nam0 2200277 45 | |
| 001 | 0182005552 | |
| 005 | 20060719103900.39 | |
| 010 | @dCNY1.35 | |
| 091 | @a15034.2405 | |
| 100 | @a19950323d1982 em y0chiy0121 ea | |
| 101 | 0 | @achi |
| 102 | @aCN@b110000 | |
| 105 | @ay z 000yy | |
| 200 | 10 | @a硅@Agui@e二氧化硅界面物理@f郭维廉编 |
| 210 | @a北京@c国防工业出版社@d1982 | |
| 215 | @a195页@d25cm | |
| 606 | @a界面-二氧化硅-物理 | |
| 606 | @a物理-界面-二氧化硅 | |
| 606 | @a二氧化硅-界面-物理 | |
| 606 | @a表面物理学-半导体表面 | |
| 606 | @a半导体表面-表面物理学 | |
| 690 | @aO472@v3 | |
| 701 | 0 | @a郭维廉@Aguo wei lian@4编 |
| 801 | 2 | @aCN@bNLC@c20060719 |
| 801 | 0 | @aCN@bTSSF |
| 905 | @a10447@dO472@e14 | |
| 硅:二氧化硅界面物理/郭维廉编.-北京:国防工业出版社,1982 |
| 195页;25cm |
| ISBN :CNY1.35 |
| ● |
| 相关链接 |
|
|
|
|
正题名:硅
索取号:O472/14
 
预约/预借
| 序号 | 登录号 | 条形码 | 馆藏地/架位号 | 状态 | 备注 |
| 1 | 0437670 | 204376709 | 密集书库/ [索取号:O472/14] | 在馆 | |
| 2 | 0437671 | 204376718 | 密集书库/ [索取号:O472/14] | 在馆 |